E-Lawyer A Guide to Legal Practice Leadership in the Internet Age /

Bibliographic Details
Main Author: Newhouse, Adam
Format: eBook
Language:English
Published: Chicago: American Bar Association, 2016
Subjects:
Online Access:Acceso restringido

MARC

LEADER 00000nam a22000007a 4500
005 20210226205558.0
007 cr|||| ||||
008 210226s2016 us |||||s|||| 00||0 eng d
020 |a 978-1-63425-520-2 
035 |a 32414 
040 |a vLex 
090 |c 11295  |d 11295 
100 1 |a Newhouse, Adam 
245 1 0 |a E-Lawyer  |h [Recurso electrn̤ico] :  |b A Guide to Legal Practice Leadership in the Internet Age /  |c Adam Newhouse 
256 |a Servicio en ln̕ea 
260 |a Chicago:  |b American Bar Association,  |c 2016 
300 |a 1 recurso electrn̤ico 
506 1 |a Disponible solo en los productos indicados  |d vLex Global  |d vLex Global (Academic Edition, excluding Law Schools)  |d vLex Global (Academic Edition, Law Schools) 
650 0 4 |a Abogados  |z Estados Unidos 
740 0 |a vLex Libros (Servicio en ln̕ea) 
856 4 0 |u http://vlex.com/source/e-lawyer-guide-legal-practice-leadership-internet-age-32414  |z Acceso restringido 
942 |c BOOK 
999 0 |a Lawyers